Variabilný detský nábytok

Saved in:
Bibliographic Details
Main Author: Harmanová, Radka (Author)
Other Authors: Paliatka, Peter (Thesis advisor)
Format: Manuscript Book
Language:Slovak
Published: Bratislava 2019
Subjects:
Online Access:http://is.stuba.sk/zp/portal_zp.pl?podrobnosti=133784
Tags: Add Tag
No Tags, Be the first to tag this record!

MARC

LEADER 00000ntm a22000003a 4500
001 stuzp74855
003 SK-STU
005 20200917110200.6
007 ta
008 150427s2015----xo-----f-mn---000-0-slo-d
040 |a STU  |b slo 
041 0 |a slo 
100 1 |a Harmanová, Radka  |u 059190  |4 aut  |U FAD Fakulta architektúry  |T FA Ústav dizajnu  |X 82901  |U A9190  |Y 400  |7 82901 
242 0 1 |a Variable kid furniture  |y eng 
245 1 0 |a Variabilný detský nábytok 
260 |c 2019  |a Bratislava 
650 4 |a učiaca veža  |2 slo 
650 4 |a jedálenská stolička  |2 slo 
650 4 |a variabilný detský nábytok  |2 slo 
650 4 |a learning tower  |2 eng 
650 4 |a dining chair  |2 eng 
650 4 |a variable kid furniture  |2 eng 
700 1 |a Paliatka, Peter  |u 059190  |k Z1  |4 ths  |U FAD Fakulta architektúry  |T FA Ústav dizajnu  |X 332  |U A9190  |Y 400  |7 A000000332 
856 4 |u http://is.stuba.sk/zp/portal_zp.pl?podrobnosti=133784  |u https://opac.crzp.sk/?fn=detailBiblioForm&sid=819BE1355532A4D3171161AB1E91